Microsoft Excel 7.0 : Základní průvodce uživatele /

Na minha lista:
Detalhes bibliográficos
Main Authors: Brož, Milan (Author), Brožová, Petra (Author)
Formato: Livro
Idioma:tcheco
Publicado em: Praha : Computer Press, 1996
Tags: Adicionar Tag
Sem tags, seja o primeiro a adicionar uma tag!

MARC

LEADER 00000nam a22000003a 4500
001 stu24011
005 20150617225655.2
008 960704s1996----xr------------------cze-d
020 |a 80-85896-43-5 
040 |a STU  |b slo 
041 0 |a cze 
044 |a xr 
080 |a 681.3.06 
100 1 |a Brož, Milan  |4 aut 
245 1 |a Microsoft Excel 7.0 :  |b Základní průvodce uživatele /  |c [aut.]Brož,Milan, Brožová,Petra 
260 |a Praha :  |b Computer Press,  |c 1996 
300 |a 333 s :  |b Tab.,register 
700 1 |a Brožová, Petra  |4 aut 
996 |b CB2105  |c C*B2105  |l CCXXV  |s P  |a 0  |w stu24011_0001